000 00391nam a22001457a 4500
003 URS
005 20220114172015.0
008 190603b xxu||||| |||| 00| 0 eng d
020 _a9780071312400
050 1 4 _aHF 5548.4
_bB171
100 1 _aV. Balachandran.
_d2010-
_eauthor
245 1 0 _aOffice management :
_cV Balachandran.
264 1 _aNew Delhi :
_bMcGraw-Hill,
_c©2010.
942 _2lcc
_cFR
999 _c15430
_d15430